Państwa z największą ilością cheaterów w CS:GO - Statystyki

Ogólne statystyki
  • Ten quiz został rozwiązany 234 razy
  • Średni wynik to 10 z 15
Statystyki odpowiedzi
Państwo (%) % Poprawnych
9,7% Rosja
100%
7,1% Polska
99%
12,9% Stany Zjednoczone
91%
7,3% Niemcy
90%
2,9% Francja
86%
4,5% Szwecja
72%
5,1% Wielka Brytania
69%
1,77% Brazylia
65%
3,2% Kanada
65%
1,96% Norwegia
64%
2,2% Dania
57%
2,4% Turcja
57%
1,87% Portugalia
51%
1,88% Austria
42%
2,0% Rumunia
40%
Nie znaleziono quizów pasujących do podanych kryteriów
Rozkład punktacji
Procent ludzi z każdym wynikiem
Percentyl według liczby udzielonych odpowiedzi
Twoja historia wyników
Nie rozwiązałeś tego quizu